| 000 | 00500nam a2200181Ia 4500 | ||
|---|---|---|---|
| 003 | GCL | ||
| 008 | 140319s9999 xx 000 0 ara d | ||
| 040 |
_aGCL / _cGCL |
||
| 082 | 0 | 4 |
_a823.03 _bت ق |
| 245 | 1 | 0 | _aقصة مدينتين |
| 260 |
_a[S.N] : _bالمكتبة الثقافية ، _c1992 |
||
| 300 | _a198 ص | ||
| 490 | _a | ||
| 650 | 0 | 4 | _aالمترجمات |
| 650 | 0 | 4 | _aالقصص الانجليزية |
| 650 | 0 | 4 | _aالقصص الانجليزية المترجمة |
| 942 |
_2ddc _cBK |
||
| 999 |
_c54319 _d54319 |
||